|
|
|
|
| LEADER |
00000nam a2200000 a 4500 |
| 001 |
vtls001419435 |
| 003 |
SK-MaSNL |
| 005 |
20260301141915.0 |
| 008 |
251113s1995 US a r 0 eng |
| 020 |
|
|
|a 0521439930
|c [200,00]
|
| 035 |
|
|
|a SNK000374250
|
| 040 |
|
|
|a SNK
|b slo
|c SNK
|e AACR2
|
| 044 |
|
|
|a US
|
| 080 |
|
|
|a 261.7(091)
|2 1981
|
| 100 |
1 |
|
|a Jones, Martin D.W.
|4 aut
|9 496673
|
| 245 |
1 |
4 |
|a The counter reformation
|b religion and society in early modern Europe
|c Martin D.W. Jones
|
| 260 |
|
|
|a Cambridge [etc.]
|b Cambridge University Press
|c 1995
|
| 300 |
|
|
|a 171 s.
|c 23 cm
|
| 490 |
1 |
|
|a Cambridge topics in history
|
| 650 |
0 |
7 |
|a náboženstvo
|x spoločnosť
|x vzťahy
|z Európa
|2 SNK
|9 496674
|
| 651 |
|
7 |
|a Európa
|2 SNK
|9 167569
|
| 830 |
|
0 |
|a Cambridge topics in history
|9 496675
|
| 919 |
|
|
|a 0-521-43993-0
|
| 999 |
|
|
|c 768608
|d 770538
|
| 952 |
|
|
|t P60, <04>, [BOOK], {604}
|a SNK
|b SNK
|y VYP
|7 0
|p 17A0322888
|o snkIC 129774
|i snkV 1643/2001
|0 0
|1 0
|4 0
|d 2001-12-05
|l 0
|r 2005-01-02 00:00:00
|w 2026-02-24
|